| 000 | 00811nam a2200217 a 4500 | ||
|---|---|---|---|
| 001 | 000023363 | ||
| 005 | 20200930022151.0 | ||
| 008 | 101203s1971 mx r 000 | spa d | ||
| 040 |
_aDO-SdBNP _bspa _cBNPHU |
||
| 082 |
_axxx _bB584d |
||
| 100 | 1 |
_aBiddle, William W. _948130 |
|
| 245 | 1 | 0 |
_aDesarrollo de la comunidad : redescubrimiento de la iniciativa local / _cWilliam W. Biddle ; con la colaboración de Loureide J. Biddle; Traducción de Rafael Castillo Dibildox. |
| 260 |
_aMéxico : _bLimusa - Wiley, _c1971. |
||
| 300 |
_a316 p. ; _c21 cm. |
||
| 534 |
_aTítulo original : _aThe community development process. |
||
| 500 | _aIncluye notas al pie de páginas | ||
| 500 | _aIncluye índice | ||
| 700 | 1 |
_aBiddle, Loureide J. _948131 |
|
| 700 | 1 |
_aCastillo Dibildox, Rafael _etr. _948132 |
|
| 049 | _aBNGR | ||
| 999 |
_c22860 _d22860 |
||